Statistics for Names In Countries

Click here to take the quiz!

General Stats

  • This quiz has been taken 54 times
    (19 since last reset)
  • The average score is 26 of 37

Answer Stats

HintAnswer% Correct
DominicDominican Republic / Dominica
100%
FranFrance
100%
EnyaKenya
100%
PhilipPhilippines
100%
StanAfghanistan / Kyrgyzstan / Tajikistan / Turkmenistan / Uzbekistan / Kazakhstan / Pakistan
94%
DorraAndorra
94%
BarbAntigua and Barbuda / Barbados
94%
OliviaBolivia
94%
BenBenin
88%
IraIran / Iraq
88%
RomanRomania
88%
AlAlbania / Algeria / Australia / Central African Republic / El Salvador / Equatorial Guinea / Guatemala / Malawi / Italy / Malaysia / Maldives / Mali / Malta / Marshall Islands / Nepal / New Zealand / Palau / Portugal / Senegal / Somalia / Tuvalu
81%
BelaBelarus
81%
MarkDenmark
81%
FinFinland
81%
WandaRwanda
81%
TinaArgentina
75%
KenKenya
75%
LesLesotho / Seychelles
75%
MarinSan Marino
75%
SalEl Salvador
69%
RaineUkraine
69%
EricaUnited States of America
69%
VanVanuatu
69%
GaryHungary
63%
LeonSierra Leone
63%
AnaBotswana / Canada / Ghana / Guyana / Panama
56%
DanJordan / South Sudan / Sudan
56%
LizBelize
50%
InaBurkina Faso / China / Argentina
50%
AdaMadagascar / Canada
50%
AliMali
50%
GeriAlgeria / Nigeria
44%
ElleSeychelles
38%
JanAzerbaijan
31%
EliBelize
31%
DonNorth Macedonia / Indonesia
19%

Score Distribution

Percentile by Number Answered

Percent of People with Each Score

Your Score History

You have not taken this quiz since the last reset